| 000 | 00458 a2200157 4500 | ||
|---|---|---|---|
| 999 |
_c3462 _d3462 |
||
| 020 | _a9780719580710 | ||
| 050 | _aQ 181 TEA 2005 | ||
| 245 | _aTeaching secondary science using ict | ||
| 264 |
_aLondon : _bHodder Murray _c2005 |
||
| 300 |
_avii, 160p. : _bill. |
||
| 500 | _aIncludes index | ||
| 650 |
_aScience _xStudy and teaching (Secondary) |
||
| 650 |
_aScience _xComputer assisted instruction |
||
| 651 | _aGreat Britain | ||
| 942 |
_2lcc _cBK _h181 _iTEA _kQ |
||